| 000 | 00454nam a2200169Ia 4500 | ||
|---|---|---|---|
| 008 | 230917s9999||||xx |||||||||||||| ||und|| | ||
| 020 | _cRS 800.00 | ||
| 040 |
_e5015725 _aMAIN |
||
| 041 | _aEnglish | ||
| 082 | _a342 S64V | ||
| 100 | _asingh, Veerkeshwar Prasad | ||
| 245 | 0 | _aVishwa ke pramukh samvidhan | |
| 260 |
_aNew Delhi _bGyanda Prakashan _c2018 |
||
| 300 | _a71 p. | ||
| 500 | _a3983 21/01/2020 HBD20/8176 24/01/2020 Main Budget | ||
| 942 | _cBK | ||
| 999 |
_c1523 _d1523 |
||